00690nam a2200241 a 4500001001300000003000900013005001700022008004100039020001000080082001800090100002100108245003100129260005400160300000900214500003500223505001000258650001100268700002100279902000800300942000700308952012000315999001300435nice12345678IN_TiNIC20260116011341.0050524s1955 hyda grp 000 0 urd  ac10000a297.124bHAM1 aHamidullah, Mohd aSahifa-I-Hammam Bin Munaba aHyderabad bMarkazi Anjuman Taleemus Salat c1955 a146p aincludes index and biblioraphy2 aIndex aHadith1 aHamidullah, Mohd bRHR cBK 001040708REFaHMIbHMIcREFd2007-08-07g100.00l3o297.124 HAM1p02000r2015-11-18s2015-07-30w2026-01-16yBK c745d745